=LDR 00000nam 2200000 4500 =001 INLIS000000000026403 =005 20130612124840 =008 ***********************************Ind** =035 ##$$0010-061300000026403 =041 ##$$a Ind =082 ##$$a 372.697 6 =090 ##$$a 372.697 6, Lan l =245 ##$$a Lancar dan terampil berbahasa Indonesia =260 ##$$a 1999 $b Semarang =300 ##$$a v, 116 hlm, 28 cm =650 ##$$a Bahasa Indonesia =850 ##$$a NBPNMAT =990 ##$$a AN00002449